000 01218nam a22003617a 4500
001 BR0804774
003 BR-BrBNA
005 20230928102647.0
007 ta
008 230509b bl.||||| |||| 00| 0 por d
040 _aBR-BrBNA
_bpor
_cBiblioteca Nacional de Agricultura
041 _a(Eng, Por)
072 _aL01; L02
090 _ L01 BR0804774
110 1 _aPontifícia Universidade católica do Rio Grande do Sul, Porto Alegre (Brasil). Faculdade de Zootecnia, Veterinária e Agronomia
_97844
111 1 _a1. Congresso Internacional6. Congresso Nacional14. Congresso estadual
_cPorto Alegre, RS (Brazil)
_d1-15 May 1996
245 1 _aZootecnia: anais; 1. Congresso Internacional; 6. Congresso Nacional; 14. Congresso estadual
260 3 _aPorto Alegre, RS (Brasil):
_c1996.
300 _a230 p.
500 _aSeveral bibliography
650 _aZOOTECNIA
650 _aNUTRIÇÃO ANIMAL
650 _aEXIGÊNCIA NUTRICIONAL
650 _aPROTEÍNA BRUTA
650 _aMERCADO
650 _aMELHORAMENTO GENÉTICO ANIMAL
650 _aCULTURA DE EMBRIÃO
650 _aSILAGEM
650 _aQUALIDADE
650 _aCONFINAMENTO
909 _a202309
_bLucia
_c55
_dLucia Elande
942 _cBK
999 _c71914
_d71914